Aggressive Interaktionen und normativer Kontext: Einflüsse differentieller Normverletzungen auf d. Aggressionsurteil

Gespeichert in:  
Bibliographische Detailangaben
Beteiligte: Bornewasser, Manfred 1949- (BeteiligteR)
Medienart: Druck Aufsatz
Sprache:Deutsch
Veröffentlicht: 1982
In: Zeitschrift für Entwicklungspsychologie und pädagogische Psychologie
Jahr: 1982, Band: 14, Heft: 4, Seiten: 308-323
Verfügbarkeit prüfen: HBZ Gateway
Schlagwörter:

MARC

LEADER 00000caa a22000002c 4500
001 1635915686
003 DE-627
005 20220608110638.0
007 tu
008 151023s1982 xx ||||| 00| ||ger c
035 |a (DE-627)1635915686 
035 |a (DE-576)447423533 
035 |a (DE-599)BSZ447423533 
040 |a DE-627  |b ger  |c DE-627  |e rakwb 
041 |a ger 
245 0 0 |a Aggressive Interaktionen und normativer Kontext  |b Einflüsse differentieller Normverletzungen auf d. Aggressionsurteil  |c Mitarb. Manfred Bornewasser 
264 1 |c 1982 
336 |a Text  |b txt  |2 rdacontent 
337 |a ohne Hilfsmittel zu benutzen  |b n  |2 rdamedia 
338 |a Band  |b nc  |2 rdacarrier 
700 1 |a Bornewasser, Manfred  |d 1949-  |e Mitarb.  |0 (DE-588)120727625  |0 (DE-627)080853765  |0 (DE-576)160375231  |4 oth 
773 0 8 |i In  |t Zeitschrift für Entwicklungspsychologie und pädagogische Psychologie  |d Göttingen : Hogrefe, 1969  |g 14(1982), 4, Seite 308-323  |w (DE-627)129464198  |w (DE-600)201142-6  |w (DE-576)014829495  |x 0049-8637  |7 nnas 
773 1 8 |g volume:14  |g year:1982  |g number:4  |g pages:308-323 
951 |a AR 
ELC |b 1 
LOK |0 000 xxxxxcx a22 zn 4500 
LOK |0 001 3292755344 
LOK |0 003 DE-627 
LOK |0 004 1635915686 
LOK |0 005 20170125151817 
LOK |0 008 170125||||||||||||||||ger||||||| 
LOK |0 040   |a DE-21-110  |c DE-627  |d DE-21-110 
LOK |0 689   |a s  |a Aggressive Interaktionen 
LOK |0 852   |z Kein Bestand am IfK; Nachweis für KrimDok 
LOK |0 852   |a DE-21-110 
LOK |0 852 1  |m v  |9 00 
LOK |0 935   |a k110 
LOK |0 938   |k v 
LOK |0 939   |a 25-01-17  |b l01 
ORI |a SA-MARC-krimdoka001.raw